[Event "CHN Team Men 2017"]
[Site "Beijing CHN"]
[Date "2017.06.11"]
[Round "6.3"]
[White "Xiang,Zeyu"]
[Black "Zhao,Yuanhe"]
[Result "0-1"]
[WhiteElo "2402"]
[BlackElo "2401"]
[EventType "team"]

1.d4 d5 2.c4 c6 3.Nf3 Nf6 4.e3 e6 5.b3 Bd6 6.Bd3 O-O 7.O-O Nbd7 8.Bb2 b6
9.Nbd2 Bb7 10.Qe2 Qe7 11.e4 dxe4 12.Nxe4 Nxe4 13.Qxe4 f5 14.Qe2 c5 15.Rad1
Bxf3 16.Qxf3 cxd4 17.Bb1 Ne5 18.Qe2 Nc6 19.Bxd4 Bxh2+ 20.Kxh2 Qh4+ 21.Kg1 Nxd4
22.Qe5 Rad8 23.Rd3 Qf4 24.Qxf4 Ne2+ 25.Kh2 Nxf4 26.Re3 Kf7 27.g3 Nh5 28.Rfe1
Rd6 29.Kg2 Nf6 30.b4 Rc8 31.Ra3 Rc7 32.Bd3 Nd7 33.Re3 Kf6 34.Be2 Ne5 35.Rac3
Rd4 36.c5 Rxb4 37.f4 Nd7 38.c6 Nc5 39.Bf3 Rb2+ 40.Kh3 Rxa2 41.g4 fxg4+ 42.Kxg4
Ra4 43.Kg3 Rd4 44.Re1 g6 45.Ra3 Ke7 46.Rea1 a6 47.Rb1 b5 48.Rc1 Kd6 {#R} 0-1

[Event "CHN Team Women 2017"]
[Site "Beijing CHN"]
[Date "2017.06.12"]
[Round "7.5"]
[White "Ning,Kaiyu"]
[Black "Ren,Xiaoyi"]
[Result "1-0"]
[WhiteElo "2078"]
[BlackElo "2287"]
[EventType "team"]

1.d4 d5 2.c4 c6 3.Nf3 Nf6 4.e3 e6 5.b3 Bb4+ 6.Nbd2 Ne4 7.a3 Bc3 8.Rb1 O-O
9.Bd3 Nd7 10.O-O Bxd2 11.Bxd2 Nxd2 12.Qxd2 Qe7 13.Qb2 b6 14.cxd5 exd5 15.Qc2
Nf6 16.Qxc6 Bg4 17.Ne5 Rfc8 18.Qa4 Be6 19.b4 Ne4 20.Rbc1 Nd6 21.Ba6 Rc7
22.Rxc7 Qxc7 23.Qc6 Qxc6 24.Nxc6 Kf8 25.Ne5 Bc8 26.Bd3 f6 27.Nf3 Bf5 28.Bxf5
Nxf5 29.Rc1 Ne7 30.Kf1 Rc8 31.Rxc8+ Nxc8 32.a4 Nd6 33.Nd2 Ke7 34.Ke2 Kd7 35.f3
Nf5 36.Kd3 Ne7 37.b5 Kd6 38.e4 Ng6 39.g3 Nf8 40.exd5 Kxd5 41.Nc4 Ne6 42.Ne3+
Kd6 43.Nf5+ Kd5 44.Ne7+ Kd6 45.Nc8+ Kd5 46.Nxa7 Nxd4 47.Nc8 Nxf3 48.Nxb6+ Kc5
49.Nc4 Nd4 50.Nd2 f5 51.Kc3 Ne2+ 52.Kb3 Nd4+ 53.Ka3 Nc2+ 54.Kb2 Ne3 55.Kb3 g5
56.b6 Kc6 57.Nc4 Nd5 58.a5 f4 59.gxf4 gxf4 60.Ne5+ Kb7 61.Kc4 Ne7 62.Kb5 {#r}
1-0

[Event "18th ch-EUR Indiv 2017"]
[Site "Minsk BLR"]
[Date "2017.06.06"]
[Round "7.45"]
[White "Diermair,A"]
[Black "Banusz,T"]
[Result "0-1"]
[WhiteElo "2472"]
[BlackElo "2616"]

1.d4 d5 2.c4 c6 3.Nf3 Nf6 4.e3 Bf5 5.Nc3 e6 6.Nh4 Bg6 7.Nxg6 hxg6 8.Rb1 Bd6
9.g3 Nbd7 10.c5 Bc7 11.b4 e5 12.Bg2 Nf8 13.O-O e4 14.b5 Ne6 15.bxc6 bxc6
16.Qa4 Qd7 17.f4 exf3 18.Rxf3 Ng5 19.Rxf6 gxf6 20.e4 Nxe4 21.Nxe4 dxe4 22.Bxe4
Kf8 23.Bxc6 Qe6 24.Bd2 Qe2 25.Be1 Rb8 26.Rxb8+ Bxb8 27.Bf2 Rxh2 28.Kxh2 Qxf2+
29.Bg2 Bxg3+ 30.Kh3 Bc7 {#R} 0-1

[Event "12th Teplice Open 2017"]
[Site "Teplice CZE"]
[Date "2017.06.11"]
[Round "2.12"]
[White "Bartos,J"]
[Black "Hirneise,T"]
[Result "0-1"]
[WhiteElo "2185"]
[BlackElo "2466"]

1.d4 Nf6 2.Nf3 d5 3.c4 c6 4.cxd5 cxd5 5.Nc3 Nc6 6.Bf4 Nh5 7.Bd2 Nf6 8.Bf4 Nh5
9.Bd2 e6 10.e3 Nf6 11.Bd3 Bd6 12.O-O O-O 13.a3 e5 14.dxe5 Nxe5 15.Nxe5 Bxe5
16.Qc2 h6 17.Ne2 Re8 18.Nd4 Qb6 19.Bc3 Ne4 20.Nf3 Bxc3 21.bxc3 Bd7 22.Nd2 Nc5
23.Bh7+ Kh8 24.Bf5 Ba4 25.Qa2 Qf6 26.Bc2 Bc6 27.c4 Rad8 28.Rfd1 dxc4 29.Nxc4
Bd5 30.a4 Qg5 31.g3 Qh5 32.Rd4 Qf3 33.e4 Nxe4 34.Bd1 Qc3 35.Rxd5 Rxd5 36.Ne3
Qe1+ 37.Kg2 Rd2 {#R} 0-1

[Event "CHN Team Men 2017"]
[Site "Beijing CHN"]
[Date "2017.06.08"]
[Round "3.4"]
[White "Ma,Zhonghan"]
[Black "Wen Yang"]
[Result "0-1"]
[WhiteElo "2458"]
[BlackElo "2617"]
[EventType "team"]

1.d4 d5 2.c4 c6 3.cxd5 cxd5 4.Nc3 Nf6 5.Nf3 Nc6 6.Bf4 Bf5 7.e3 e6 8.Qb3 Bb4
9.Bb5 O-O 10.Bxc6 Bxc3+ 11.Qxc3 Rc8 12.Qc5 Rxc6 13.Qxa7 Qa8 14.Qxa8 Rxa8
15.O-O Rc2 16.a4 Rxb2 17.Rfc1 Ne4 18.Bg3 f6 19.a5 g5 20.Ne1 Nd2 21.Rc7 Nc4
22.h4 h6 23.hxg5 hxg5 24.f4 g4 25.Bh4 Rxa5 26.Rxa5 Nxa5 27.Bxf6 Nc4 28.e4 Bxe4
29.Rg7+ Kf8 30.Rxg4 b5 31.Nf3 Bxf3 32.gxf3 b4 {#R} 0-1

[Event "CHN Team Men 2017"]
[Site "Beijing CHN"]
[Date "2017.06.10"]
[Round "5.1"]
[White "Li Chao2"]
[Black "Bai,Jinshi"]
[Result "1-0"]
[WhiteElo "2720"]
[BlackElo "2573"]
[EventType "team"]

1.d4 Nf6 2.c4 c6 3.Nc3 d5 4.cxd5 cxd5 5.Nf3 Nc6 6.Bf4 Bf5 7.e3 e6 8.Qb3 Bb4
9.Ne5 Qe7 10.Bb5 Rc8 11.Qa4 O-O 12.Nxc6 bxc6 13.Ba6 Rcd8 14.Qxc6 Nh5 15.Bg3
Nxg3 16.hxg3 Rd6 17.Qa4 Bxc3+ 18.bxc3 Qc7 19.O-O Rc6 20.c4 Bd3 21.Rfc1 Bxc4
22.Rc2 e5 23.Rac1 exd4 24.Bxc4 dxc4 25.Rxc4 Rxc4 26.Rxc4 Qb6 27.Rxd4 h6 28.Rd7
a6 29.Qe4 Qa5 30.Qc2 Rb8 31.a4 Qe5 32.Ra7 Qa1+ 33.Kh2 Qf6 34.Rc7 g6 35.f4 Re8
36.e4 h5 37.e5 Qe6 38.Qd3 Rb8 39.Ra7 h4 40.gxh4 Qg4 41.Qg3 Qd1 42.e6 {#r} 1-0

[Event "CHN Team Men 2017"]
[Site "Beijing CHN"]
[Date "2017.06.11"]
[Round "6.1"]
[White "Wen Yang"]
[Black "Yu Ruiyuan"]
[Result "1-0"]
[WhiteElo "2617"]
[BlackElo "2510"]
[EventType "team"]

1.d4 d5 2.c4 c6 3.cxd5 cxd5 4.Nc3 Nf6 5.Nf3 Nc6 6.Bf4 Bf5 7.e3 e6 8.Qb3 Bb4
9.Ne5 Qe7 10.Bb5 Rc8 11.Nxc6 bxc6 12.Ba6 Rd8 13.O-O Nh5 14.Be5 f6 15.Bc7 Qxc7
16.Qxb4 g5 17.Rac1 Kf7 18.Qc5 Qb6 19.Be2 Ng7 20.Na4 Qxc5 21.Rxc5 e5 22.dxe5
fxe5 23.Rxc6 Rc8 24.Ra6 d4 25.Rxa7+ Kg6 26.Ra6+ Kf7 27.Nb6 Rc2 28.Bc4+ Be6
29.b3 {#r} 1-0

[Event "18th ch-EUR Indiv 2017"]
[Site "Minsk BLR"]
[Date "2017.06.10"]
[Round "11.68"]
[White "Diermair,A"]
[Black "Bogdanovich,S"]
[Result "1-0"]
[WhiteElo "2472"]
[BlackElo "2596"]

1.d4 d5 2.c4 c6 3.Nf3 Nf6 4.Nc3 dxc4 5.a4 Bf5 6.Nh4 Bc8 7.Nf3 Bf5 8.Nh4 Bg6
9.Nxg6 hxg6 10.e3 Na6 11.Bxc4 Nb4 12.a5 e6 13.Qb3 Qd6 14.h3 g5 15.Ra4 g4 16.e4
gxh3 17.Rxh3 Rxh3 18.gxh3 Nd7 19.Be3 O-O-O 20.e5 Qe7 21.Ne4 Qh4 22.Ng5 Nd5
23.Nxf7 Re8 24.a6 N7b6 25.Bxd5 exd5 26.Ng5 Be7 27.Ne6 Kb8 28.Qxb6 {#r} 1-0

[Event "18th ch-EUR Indiv 2017"]
[Site "Minsk BLR"]
[Date "2017.06.10"]
[Round "11.85"]
[White "Solak,D"]
[Black "Reshef,O"]
[Result "1-0"]
[WhiteElo "2641"]
[BlackElo "2459"]

1.d4 d5 2.c4 c6 3.Nf3 Nf6 4.Nc3 dxc4 5.a4 Bf5 6.Ne5 Nbd7 7.Nxc4 Qc7 8.g3 e5
9.dxe5 Nxe5 10.Bf4 Nfd7 11.Bg2 Be6 12.Nxe5 Nxe5 13.O-O f6 14.Qc2 Qa5 15.Ne4
Bb4 16.Rfc1 Bd5 17.Bxe5 fxe5 18.Nc5 Bxc5 19.Qxc5 Qxc5 20.Rxc5 Rd8 21.e4 b6
22.Rc3 Be6 23.Rxc6 Ke7 24.Rac1 Rd2 25.Rc7+ Rd7 26.R1c6 Rxc7 27.Rxc7+ Kf6
28.Rxa7 Rc8 29.Bf1 Rc1 30.Kg2 Rb1 31.Rb7 Rxb2 32.a5 Rb4 33.Rxb6 Rxe4 34.Kf3
{#r} 1-0

[Event "9th Capo d'Orso Open 2017"]
[Site "Porto Mannu Palau ITA"]
[Date "2017.06.07"]
[Round "6.7"]
[White "Guttenthaler,F"]
[Black "Ventura,Sa"]
[Result "1-0"]
[WhiteElo "2334"]
[BlackElo "2097"]

1.d4 d5 2.c4 dxc4 3.e3 Nf6 4.Bxc4 e6 5.Nf3 a6 6.O-O b5 7.Bd3 Bb7 8.Qe2 Nbd7
9.a4 b4 10.Nbd2 c5 11.a5 Be7 12.Nc4 O-O 13.Nfe5 Qc7 14.Bd2 Rac8 15.Rac1 Rfd8
16.f4 Qb8 17.f5 Nf8 18.dxc5 Rxc5 19.Bxb4 Bxg2 20.Bxc5 Bxf1 21.Rxf1 Bxc5 22.Nc6
Qc7 23.Nxd8 Qxd8 24.Kh1 exf5 25.Bxf5 Ng6 26.Bxg6 hxg6 27.e4 Nh5 28.Qf3 Qe7
29.e5 Qe6 30.Nd6 f6 31.Rd1 Kh7 32.Rd5 Ba7 33.b4 Ng3+ 34.Kg2 Ne2 35.Rd2 Ng1
36.Qg3 fxe5 37.Qh4+ Kg8 38.Qd8+ Kh7 39.Qh4+ Kg8 40.Qc4 Qxc4 41.Nxc4 e4 42.Nb6
Nf3 43.Rd8+ Kh7 44.Ra8 {#r} 1-0

[Event "18th ch-EUR Indiv 2017"]
[Site "Minsk BLR"]
[Date "2017.06.10"]
[Round "11.97"]
[White "Kveinys,A"]
[Black "Polivanov,A"]
[Result "1-0"]
[WhiteElo "2520"]
[BlackElo "2401"]

1.d4 d5 2.Nf3 Nf6 3.c4 dxc4 4.e3 a6 5.Bxc4 b5 6.Bd3 e6 7.a4 b4 8.O-O c5 9.Qe2
Bb7 10.Nbd2 Nbd7 11.a5 Be7 12.Nc4 O-O 13.Rd1 Qc7 14.Bd2 Be4 15.Bxe4 Nxe4
16.Rdc1 Qb7 17.Nfe5 Ndf6 18.Be1 cxd4 19.Nb6 Rae8 20.exd4 b3 21.Nc6 e5 22.f3
Ng5 23.dxe5 Bd6 24.h4 Ne6 25.exd6 Nd4 26.Ne7+ Kh8 27.Qd3 Nc2 28.Ra4 {#r} 1-0

[Event "12th American Continental"]
[Site "Medellin COL"]
[Date "2017.06.10"]
[Round "1.28"]
[White "Florez,C"]
[Black "Hungaski,R"]
[Result "0-1"]
[WhiteElo "2039"]
[BlackElo "2492"]

1.d4 d5 2.c4 dxc4 3.Nf3 Nf6 4.e3 Bg4 5.Bxc4 e6 6.O-O a6 7.h3 Bh5 8.Be2 Nc6
9.b3 Bd6 10.Bb2 O-O 11.Nbd2 h6 12.Rc1 Bg6 13.Nc4 Nd5 14.Nxd6 cxd6 15.Nd2 Ncb4
16.a3 Na2 17.e4 Nxc1 18.exd5 Nxe2+ 19.Qxe2 exd5 20.a4 Re8 21.Qf3 Qg5 22.Bc1
Qf5 23.Qg3 Qc2 24.Nf3 Qxb3 25.Nh4 {#R} 0-1

[Event "CHN Team Men 2017"]
[Site "Beijing CHN"]
[Date "2017.06.10"]
[Round "5.5"]
[White "Xu,Xiangyu"]
[Black "Wang,Yiye"]
[Result "1-0"]
[WhiteElo "2536"]
[BlackElo "2438"]
[EventType "team"]

1.Nf3 Nf6 2.d4 d5 3.c4 dxc4 4.e3 e6 5.Bxc4 c5 6.O-O a6 7.dxc5 Bxc5 8.Qxd8+
Kxd8 9.Nbd2 b6 10.a3 Bb7 11.Be2 Nc6 12.Nc4 a5 13.b3 Ne4 14.Bb2 f6 15.Nfd2 Nxd2
16.Nxd2 Ba6 17.Bxa6 Rxa6 18.Rfc1 Kc7 19.Kf1 Rd8 20.Ke2 Kb7 21.g4 Raa8 22.h4
Rd7 23.Ne4 Be7 24.Rd1 Rad8 25.Rxd7+ Rxd7 26.g5 e5 27.gxf6 gxf6 28.Rg1 f5
29.Ng3 Bxh4 30.Nxf5 Bd8 31.Rh1 Bc7 32.Ng3 Bd8 33.Ne4 Kc7 34.Rh5 Re7 35.Kd3 b5
36.Nf6 Rf7 37.Ng4 {#r} 1-0

[Event "18th ch-EUR Indiv 2017"]
[Site "Minsk BLR"]
[Date "2017.06.06"]
[Round "7.54"]
[White "Moskalenko,A"]
[Black "Ragger,M"]
[Result "1-0"]
[WhiteElo "2514"]
[BlackElo "2680"]

1.d4 d5 2.c4 e6 3.Nf3 Nf6 4.e3 b6 5.Nc3 Bd6 6.Qc2 O-O 7.cxd5 exd5 8.Nb5 Ne4
9.Nxd6 Qxd6 10.Bd3 Ba6 11.O-O c5 12.dxc5 Qxc5 13.Rd1 Qe7 14.Bxa6 Nxa6 15.Qe2
Qb7 16.Bd2 Rac8 17.Be1 Nac5 18.Nd4 Ne6 19.Nf5 g6 20.Nh6+ Kg7 21.Ng4 h5 22.Ne5
Qc7 23.Nd3 Rfe8 24.f3 Nf6 25.Rac1 Qb7 26.Rxc8 Qxc8 27.Bh4 Qa6 28.b3 g5 29.Bg3
Nc5 30.Be1 Nxd3 31.Rxd3 Rc8 32.Kf2 Qb7 33.Bc3 Rc6 34.Qb2 Kg6 35.Rd2 Qe7
36.Qb1+ Ne4+ 37.fxe4 Rxc3 38.exd5+ Kh6 39.Qe1 Qe5 40.h3 Qf5+ 41.Kg1 Qe4 42.Rd4
Qxe3+ 43.Qxe3 Rxe3 44.Kf2 Re8 45.Kf3 Kg6 46.h4 Rd8 47.d6 Kf5 48.hxg5 Ke5
49.Rd1 Rd7 50.Kg3 f6 51.gxf6 Kxf6 52.Kh4 Kf5 53.a4 a6 54.b4 b5 55.axb5 axb5
56.g3 Kg6 57.Rd5 Kf7 58.Kxh5 Ke8 59.Kg6 {#r} 1-0

[Event "12th American Continental"]
[Site "Medellin COL"]
[Date "2017.06.11"]
[Round "2.44"]
[White "Duran Vega,S"]
[Black "Sanchez Castillo,S"]
[Result "1-0"]
[WhiteElo "2408"]
[BlackElo "2154"]

1.d4 d5 2.c4 e6 3.Nf3 c6 4.e3 Nf6 5.Bd3 dxc4 6.Bxc4 b5 7.Bd3 a6 8.O-O c5 9.a4
c4 10.Be2 Bb7 11.b3 cxb3 12.axb5 Bd5 13.Nc3 Bb4 14.Nxd5 Qxd5 15.Nd2 Bxd2
16.Bxd2 O-O 17.bxa6 Rc8 18.Bf3 Ne4 19.Ra5 {#r} 1-0

[Event "9th Capo d'Orso Open 2017"]
[Site "Porto Mannu Palau ITA"]
[Date "2017.06.07"]
[Round "6.13"]
[White "De Francesco,K"]
[Black "Paulovic,Ma"]
[Result "1-0"]
[WhiteElo "2235"]
[BlackElo "2047"]

1.d4 d5 2.c4 e6 3.Nf3 c6 4.Nc3 f5 5.g3 Nf6 6.Bg2 Bd6 7.Qc2 O-O 8.O-O Qe7 9.Rb1
Nbd7 10.cxd5 exd5 11.Bf4 Ne4 12.Bxd6 Qxd6 13.b4 b5 14.e3 h6 15.a4 a6 16.a5 g5
17.Ne2 Bb7 18.Ne1 Qg6 19.Nd3 Rae8 20.f4 Nd6 21.Ne5 Nxe5 22.dxe5 Nc4 23.Qd3 Rc8
24.Nd4 Rce8 25.Nb3 Kg7 26.Nc5 Re7 27.Qd4 Kh7 28.Rf2 Bc8 29.Bf1 Qg7 30.Bd3 Kh8
31.Rbf1 Nxe5 32.fxe5 Qxe5 33.Qxe5+ Rxe5 34.e4 dxe4 35.Bxe4 Rd8 36.Bxf5 {#r}
1-0

[Event "CHN Team Men 2017"]
[Site "Beijing CHN"]
[Date "2017.06.08"]
[Round "3.3"]
[White "Li Shilong"]
[Black "Li,Di"]
[Result "1-0"]
[WhiteElo "2524"]
[BlackElo "2474"]
[EventType "team"]

1.c4 e6 2.d4 d5 3.Nf3 Nf6 4.Bg5 c6 5.Nbd2 Nbd7 6.e3 h6 7.Bh4 g5 8.Bg3 Nh5
9.Qc2 Nxg3 10.hxg3 Bg7 11.O-O-O Qe7 12.Kb1 O-O 13.Bd3 e5 14.cxd5 cxd5 15.Nxe5
Nxe5 16.dxe5 Qxe5 17.Nf3 Qf6 18.Bh7+ Kh8 19.Nd4 Bg4 20.f3 Rac8 21.Qd3 Be6
22.Bf5 Rc4 23.g4 Rfc8 24.Rd2 a5 25.g3 a4 26.a3 b5 27.f4 Bxf5 28.Nxf5 Qc6
29.Nxg7 Kxg7 30.Qxd5 Qg6+ 31.Qf5 Qxf5+ 32.gxf5 Re8 33.Rd6 Rxe3 34.Rdxh6 Re1+
35.Rxe1 Kxh6 36.Rh1+ Kg7 37.fxg5 Rg4 38.Rh5 Rxg3 39.g6 fxg6 40.fxg6 b4 41.axb4
Rb3 42.Ka2 Kxg6 43.Rh4 Kf6 44.b5 Rxb5 45.Rxa4 Ke7 46.Rd4 Ra5+ 47.Kb3 Ra8
48.Kc3 Rc8+ 49.Kb4 Rb8+ 50.Ka3 Ra8+ 51.Ra4 Rh8 52.Rd4 Ra8+ 53.Kb3 Rb8+ 54.Kc3
Rc8+ 55.Kd3 Rb8 56.Kc2 Rc8+ 57.Kb1 Ke6 58.b3 Rb8 59.Kb2 Ke5 60.Rd3 Ke6 61.Ka3
Ra8+ 62.Kb4 Rb8+ 63.Ka5 Ra8+ 64.Kb6 Rb8+ 65.Kc7 Rb4 66.Kc6 Ke5 67.Rd5+ Ke4
68.Rb5 Rd4 69.Rb8 Kd3 70.Kc5 Rh4 71.Rg8 Rh5+ 72.Kb4 Rh7 73.Ka5 Ra7+ 74.Kb6 Rh7
75.Rc8 Rh4 76.Kb5 Rh5+ 77.Ka4 Kd4 78.b4 Rh1 79.Ka5 {#r} 1-0

[Event "CHN Team Women 2017"]
[Site "Beijing CHN"]
[Date "2017.06.07"]
[Round "2.2"]
[White "Shen Yang"]
[Black "Ning,Kaiyu"]
[Result "1-0"]
[WhiteElo "2474"]
[BlackElo "2078"]
[EventType "team"]

1.d4 d5 2.Nf3 Nf6 3.c4 e6 4.Bg5 dxc4 5.Qa4+ Nbd7 6.Nc3 Be7 7.Qxc4 a6 8.a4 b5
9.Qd3 b4 10.Ne4 Bb7 11.Nxf6+ Nxf6 12.Rc1 Rc8 13.Ne5 O-O 14.e3 c5 15.dxc5 Rxc5
16.Rxc5 Bxc5 17.Be2 Qxd3 18.Nxd3 Be7 19.Bf3 Bxf3 20.gxf3 a5 21.Kd2 h6 22.Bxf6
Bxf6 23.Rc1 Rd8 24.Rc5 Ra8 25.Kc2 Kf8 26.Kb3 Ke8 27.Rc7 Bd8 28.Rb7 Rc8 29.f4
Bc7 30.Rb5 f6 31.h3 Ke7 32.Rc5 g5 33.f5 exf5 34.Rxf5 Bb6 35.Rb5 Rc6 36.e4 Rd6
37.Kc2 Rc6+ 38.Kd2 Ke6 39.f4 Rd6 40.Ke2 Bc7 41.Nc5+ Kf7 42.Rb7 Rc6 43.Nb3 Kg6
44.fxg5 hxg5 45.Nd4 Rc4 46.Kd3 Rc1 47.Ne6 Bd6 48.Rd7 Rc6 49.Nd4 Ra6 50.b3 Be5
51.Nf5 Ra8 52.Rb7 Rh8 53.Rg7+ Kh5 54.Ke2 Rc8 55.Ne7 Kh6 56.Rg6+ Kh5 57.Rg7 Kh6
58.Nf5+ Kh5 59.Rh7+ Kg6 60.Ne7+ Kxh7 61.Nxc8 Kg6 62.Ne7+ Kh5 63.Nf5 Bc7 64.Kd3
g4 65.hxg4+ Kxg4 66.Kd4 Kf3 67.Ne7 Be5+ 68.Kd3 Kf4 69.Nd5+ Kf3 70.Ne3 Bc7
71.Nc4 Kf4 72.Kd4 Kf3 73.Kd5 Kf4 74.Kc6 Be5 75.Nxa5 Kxe4 76.Nc4 f5 77.a5 f4
78.a6 Bd4 79.Nb6 f3 80.a7 f2 81.a8=Q f1=Q 82.Kd6+ Ke3 83.Nd5+ Kd2 84.Qc8 Qg2
85.Qc4 Qg6+ 86.Kd7 Qf7+ 87.Kc6 Qe8+ 88.Kb7 Qd7+ 89.Ka6 Qd6+ 90.Kb5 Bc3 91.Nxb4
Qb8+ 92.Ka4 Qa8+ 93.Na6 Qe8+ 94.Ka3 Qe5 95.Nc5 Bd4 96.Qd3+ Kc1 97.b4 Bxc5
98.Qc4+ Kd2 99.bxc5 Qc7 100.c6 Ke3 101.Qc5+ Ke4 102.Kb4 Kf4 103.Kb5 Kg4
104.Qb6 Qe5+ 105.Ka6 Qe2+ 106.Kb7 Qe4 107.Kb8 Qe8+ 108.Ka7 Kh3 109.c7 Qa4+
110.Kb8 Qf4 111.Qb2 Qd6 112.Qb3+ Kh2 113.Kb7 Qe7 114.Qd5 Qb4+ 115.Kc6 Qa4+
116.Kd6 Qa6+ 117.Ke7 Qa7 118.Qd7 Qe3+ 119.Qe6 Qa7 120.Kd7 Kh1 121.Qc6+ Kg1
122.Ke8 Qe3+ 123.Kd8 Qd4+ 124.Kc8 Kh2 125.Qc2+ Kg1 126.Kb7 Qd7 127.Qc6 Qe7
128.Ka8 Qa3+ 129.Kb8 Qb4+ 130.Qb7 Qd6 131.Ka8 {#r} 1-0

[Event "CHN Team Women 2017"]
[Site "Beijing CHN"]
[Date "2017.06.09"]
[Round "4.3"]
[White "Yuan,Ye"]
[Black "Li Xueyi"]
[Result "1-0"]
[WhiteElo "2292"]
[BlackElo "2146"]
[EventType "team"]

1.d4 d5 2.c4 e6 3.Nf3 c6 4.e3 Nf6 5.b3 Nbd7 6.Bd3 Bd6 7.Bb2 b6 8.O-O O-O
9.Nbd2 Bb7 10.Ne5 Qe7 11.f4 c5 12.cxd5 exd5 13.Qf3 h6 14.Qh3 cxd4 15.exd4 Bb4
16.Nb1 Rfd8 17.a3 Bd6 18.Nc3 Ne4 19.Nxe4 dxe4 20.Bc4 Bxe5 21.fxe5 Rf8 22.a4
Rad8 23.Ba3 Nc5 24.dxc5 bxc5 25.Qe3 Rc8 26.Rf5 Qd7 27.Raf1 Bd5 28.Bxc5 Bxc4
29.bxc4 Rfe8 30.Qf2 Qxa4 31.Rxf7 Qxc4 32.Bd6 Ra8 33.Rc7 Qe6 34.Qf7+ {#r} 1-0

[Event "CHN Team Women 2017"]
[Site "Beijing CHN"]
[Date "2017.06.10"]
[Round "5.1"]
[White "Chu,Ruotong"]
[Black "Wang Jue"]
[Result "0-1"]
[WhiteElo "2147"]
[BlackElo "2367"]
[EventType "team"]

1.d4 d5 2.c4 e6 3.Nf3 c6 4.e3 Nf6 5.Bd3 Nbd7 6.Nbd2 Bd6 7.O-O O-O 8.e4 e5
9.cxd5 cxd5 10.Re1 Re8 11.exd5 exd4 12.Ne4 Bb4 13.Nxf6+ Nxf6 14.Rxe8+ Qxe8
15.Qb3 Ba5 16.Bg5 Nh5 17.Nxd4 Bb6 18.Be3 Bd7 19.a4 Qe5 20.Nf3 Qd6 21.Nd2 Bxe3
22.fxe3 b6 23.Rc1 Qh6 24.Nf1 Nf6 25.Rd1 Qh4 26.Bb5 Bf5 27.Qc4 Qh5 28.Qd4 Rd8
29.d6 Be6 30.Ng3 Qg5 31.Ne4 Nxe4 32.Qxe4 h5 33.h4 Qg3 34.d7 Qc7 35.b4 g6
36.Bc6 Kf8 37.b5 Bxd7 38.Qb4+ Ke8 39.Qe4+ Kf8 40.Qd4 Ke7 41.Qe4+ Kf8 42.Qb4+
Ke8 43.Bd5 Qe5 44.Rd4 f5 45.Qb3 Rc8 46.Bf7+ Ke7 47.Bc4 Be6 48.Bxe6 Qxe6
49.Qxe6+ Kxe6 50.Kf2 Rc3 51.Kf3 Ke7 52.Kf4 Ke6 {#R} 0-1

[Event "18th ch-EUR Indiv 2017"]
[Site "Minsk BLR"]
[Date "2017.06.10"]
[Round "11.25"]
[White "Sargissian,G"]
[Black "Azarov,S"]
[Result "1-0"]
[WhiteElo "2650"]
[BlackElo "2582"]

1.d4 d5 2.c4 e6 3.Nc3 Be7 4.cxd5 exd5 5.Bf4 c6 6.e3 Bf5 7.g4 Be6 8.h4 Nd7 9.g5
h6 10.g6 Ngf6 11.gxf7+ Bxf7 12.Bd3 Nh5 13.Bh2 Qb6 14.Qc2 O-O 15.Nf3 Be8 16.Be2
Ndf6 17.Ng5 Bb4 18.Ne6 Rf7 19.Rg1 Qa5 20.Be5 Bd7 21.Nc5 Bxc5 22.dxc5 Re8
23.Bd4 b6 24.Qa4 Qxa4 25.Nxa4 b5 26.Nc3 b4 27.Nb1 Re4 28.Nd2 Rxh4 29.Nf3 Rg4
30.Rh1 Re7 31.Ne5 Rxd4 32.exd4 Nf4 33.f3 Be8 34.Kf2 Ne6 35.Rhd1 a5 36.a3 b3
37.a4 Nxd4 38.Rxd4 Rxe5 39.Ra3 Nd7 40.Rxb3 Nxc5 41.Rb8 Kf7 42.Ra8 Rh5 43.Rxa5
Rh2+ 44.Ke1 Ne6 45.Rd2 Kf6 46.Ra8 Bg6 47.a5 Rh1+ 48.Kf2 Ra1 49.b4 h5 50.Rc8 c5
51.b5 h4 52.b6 {#r} 1-0

[Event "CHN Team Women 2017"]
[Site "Beijing CHN"]
[Date "2017.06.12"]
[Round "7.6"]
[White "Jiang,Zhaoyi"]
[Black "Gu,T"]
[Result "0-1"]
[WhiteElo "2063"]
[BlackElo "2194"]
[EventType "team"]

1.d4 d5 2.c4 c6 3.Nc3 e6 4.Nf3 dxc4 5.Ne5 b5 6.g3 Bb7 7.Bg2 Bb4 8.O-O Bxc3
9.bxc3 f6 10.Nf3 Ne7 11.e4 O-O 12.a4 Nd7 13.Rb1 a6 14.Bh3 e5 15.Be6+ Kh8
16.Bxc4 c5 17.d5 Nb6 18.Bb3 Nec8 19.Be3 Qc7 20.Bc2 Nd6 21.Nh4 Nbc4 22.Qe2 Bc8
23.Bd3 Bd7 24.axb5 axb5 25.Ra1 Nb6 26.Rfb1 Na4 27.Qc2 c4 28.Bf1 f5 29.f3 Rf7
30.Rc1 Raf8 31.Be2 Nc5 32.exf5 Nxf5 33.Nxf5 Bxf5 34.Qb2 Nb3 35.Ra7 Qd8 36.Rxf7
Rxf7 37.Rd1 Rd7 38.Kg2 Rxd5 39.Rxd5 Qxd5 40.Qa3 Kg8 41.Qe7 h6 42.h4 Kh7 43.Qf8
Bc2 44.h5 Nd2 45.Bc5 Bd3 46.Bxd3+ Qxd3 47.Bb4 Qf1+ {#R} 0-1

[Event "10th Mayors Cup Open 2017"]
[Site "Mumbai IND"]
[Date "2017.06.08"]
[Round "7.37"]
[White "Chittal,S"]
[Black "Yogit,S"]
[Result "1-0"]
[WhiteElo "2000"]
[BlackElo "2200"]

1.d4 Nf6 2.Nf3 e6 3.g3 d5 4.Bg2 c5 5.c4 Nc6 6.cxd5 exd5 7.O-O Be7 8.Nc3 O-O
9.Bg5 c4 10.Ne5 Be6 11.Qd2 h6 12.Bxf6 Bxf6 13.f4 Qb6 14.e3 Bxe5 15.fxe5 Qa5
16.Rf2 Rfd8 17.Raf1 Rac8 18.Bf3 b5 19.a3 Rb8 20.Qe2 b4 21.axb4 Nxb4 22.Bg4 Nd3
23.Bxe6 Nxf2 24.Bxd5 Nh3+ 25.Kg2 Ng5 26.Bxc4 Rdc8 27.h4 Ne6 28.Rf2 Rxb2
29.Qxb2 Rxc4 30.Qb8+ Kh7 31.Qb1+ Kg8 32.Qf5 Rc7 33.Ne4 Qe1 34.Qf3 Nd8 35.Nc5
Kh7 36.Qe4+ g6 37.h5 Kg7 38.hxg6 fxg6 39.Qd5 Rf7 40.Rxf7+ Nxf7 41.Ne6+ Kh7
42.Qf3 Kg8 43.Nf4 Qd2+ 44.Qf2 Qxf2+ 45.Kxf2 g5 46.Nd3 Kf8 47.g4 a5 48.Nc5 Ke7
49.Kf3 Nd8 50.Ke4 Nc6 51.d5 Nb4 52.d6+ Ke8 53.e6 Na2 54.d7+ Ke7 55.Nb7 {#r}
1-0

[Event "18th ch-EUR Indiv 2017"]
[Site "Minsk BLR"]
[Date "2017.06.10"]
[Round "11.6"]
[White "Bluebaum,M"]
[Black "Naiditsch,A"]
[Result "1-0"]
[WhiteElo "2632"]
[BlackElo "2700"]

1.d4 Nf6 2.c4 e6 3.Nc3 d5 4.cxd5 exd5 5.Bg5 c6 6.e3 Bf5 7.Qf3 Bg6 8.Bxf6 Qxf6
9.Qxf6 gxf6 10.Nf3 Nd7 11.Nh4 Nb6 12.f4 h5 13.Kf2 Nc8 14.f5 Bh7 15.h3 Nd6
16.g4 Kd7 17.Bd3 Bh6 18.Ng2 Rae8 19.Kf3 Re7 20.Nf4 Bg5 21.Rae1 Rhe8 22.e4
hxg4+ 23.hxg4 Bxf5 24.gxf5 Nxf5 25.Ng2 Bd2 26.exf5 Rxe1 27.Nxe1 Rxe1 28.Rxe1
Bxe1 29.Ke3 a5 30.Na4 Kd6 31.Be2 Bg3 32.Nc5 b6 33.Na4 b5 34.Nc5 Ke7 35.a4 b4
36.Nb3 Bc7 37.Kf3 {#r} 1-0

[Event "12th American Continental"]
[Site "Medellin COL"]
[Date "2017.06.10"]
[Round "1.3"]
[White "Cordova,E"]
[Black "Ramirez Gonzalez,Mauricio"]
[Result "1-0"]
[WhiteElo "2651"]
[BlackElo "2108"]

1.d4 e6 2.c4 d5 3.Nc3 Nf6 4.cxd5 exd5 5.Bg5 Be7 6.e3 c6 7.Qc2 Nbd7 8.Bd3 Nf8
9.Nf3 Ne6 10.Bh4 g6 11.O-O Ng7 12.b4 O-O 13.b5 cxb5 14.Nxb5 Bf5 15.Bxf5 Nxf5
16.Bxf6 Bxf6 17.Qb3 Qa5 18.Rac1 Rac8 19.Qxd5 Rxc1 20.Rxc1 a6 21.Nc3 Qa3 22.Ne2
Re8 23.Rc7 Re7 24.Rc8+ Kg7 25.Qd8 Rxe3 26.Qg8+ Kh6 27.fxe3 Ne7 28.Qxf7 Qxe3+
29.Kf1 Nxc8 30.Qxf6 {#r} 1-0

[Event "12th American Continental"]
[Site "Medellin COL"]
[Date "2017.06.11"]
[Round "3.12"]
[White "Peralta,Fe"]
[Black "Prasca Sosa,R"]
[Result "1-0"]
[WhiteElo "2569"]
[BlackElo "2400"]

1.d4 d5 2.c4 e6 3.Nc3 Nf6 4.cxd5 exd5 5.Bg5 c6 6.Qc2 Na6 7.e3 Nc7 8.Bd3 Ne6
9.Bh4 Be7 10.Nge2 g6 11.O-O Nh5 12.Bxe7 Qxe7 13.Qd2 O-O 14.f3 f5 15.Rab1 b6
16.b4 Bb7 17.Rfe1 Rad8 18.a4 Rf7 19.a5 b5 20.Bc2 Nf6 21.Nf4 Ne8 22.Nxe6 Qxe6
23.e4 fxe4 24.fxe4 Nd6 25.exd5 Qg4 26.dxc6 Bxc6 27.Bb3 Nc4 28.Bxc4 bxc4 29.d5
Rfd7 30.Ne4 Rf7 31.Qg5 Qxg5 32.Nxg5 Rxd5 33.Nxf7 Kxf7 34.Rbd1 Rg5 35.g3 a6
36.Re3 Kg7 37.Re7+ Kf6 38.Rc7 Bd5 39.Rc5 Ke6 40.b5 axb5 41.a6 Bf3 42.Rxg5 Bxd1
43.a7 Bf3 44.Rxb5 {#r} 1-0

[Event "39th Nezhmetdinov Mem"]
[Site "Kazan RUS"]
[Date "2017.06.08"]
[Round "9.7"]
[White "Maiorov,N1"]
[Black "Hemant,S2"]
[Result "1-0"]
[WhiteElo "2527"]
[BlackElo "2380"]

1.d4 d5 2.c4 e6 3.Nc3 Nf6 4.cxd5 exd5 5.Bg5 Nbd7 6.e3 Be7 7.Bd3 c6 8.Qc2 O-O
9.Nge2 Re8 10.O-O Nf8 11.a3 g6 12.b4 Ne6 13.Bh4 a6 14.Na4 Nd7 15.Bg3 Bh4
16.Nac3 Bxg3 17.Nxg3 Qe7 18.Rab1 a5 19.Nce2 axb4 20.axb4 Ra3 21.Rfd1 Nb6
22.Qb2 Ra7 23.b5 c5 24.dxc5 Nxc5 25.Nf4 Be6 26.Rbc1 Rc8 27.Bf1 Ra4 28.Ra1 Rxa1
29.Qxa1 Ncd7 30.Nge2 Ra8 31.Qb2 Nc5 32.Nc3 Rd8 33.Qa3 Kf8 34.g3 g5 35.Nfe2 Nc4
36.Qa1 Qf6 37.Nd4 Ne5 38.Bg2 g4 39.Qa3 b6 40.Nc6 Nxc6 41.bxc6 Kg7 42.Qb4 Rd6
43.Nxd5 Qe5 44.c7 Rc6 45.Qb5 Qd6 46.Qb2+ {#r} 1-0